1509 1376 1122 1383 1426 1581 1901 1185 1757 1675 1711 1427 1044 1307 1390 1235 1219 1357 1277 1465 1805 1597 1410 1763 1175 1320 1047 1480 1000 1969 1876 1291 1816 1437 1389 1796 1949 1899 1175 1525 1099 1236 1593 1239 1504 1985 1411 1474 1925 1319 1814 1507 1507 1120 1067 1031 1491 1314 1985 1677 1762 1868 1938 1400 1252 1176 1833 1827 1089 1021 1593 1324 1321 1167 1192 1795 1507 1127 1003 1307 1246 1320 1166 1418 1094 1412 1492 1771 1375 1120 1783 1522 1577 1734 1176 1836 1523 1501 1304 BCNSPRNW ULIB Ver.6.0+V

เปลี่ยนเป็นภาษาไทย

Change to English
 แสดงรายละเอียดบรรณานุกรม
  กลับหน้าหลัก

Brief Record : Get Marc (ISO 2709) : E-mail record : QR code < ปิดหน้าต่าง
LEADER : 00000nam 2200000 a 4500
001    13399114494
003     ULIB
008    100826s2010 us a 000 0 eng d
020    ^a9780763755805
060 04 ^aWY152^bG377
245 00 ^aGerontological nursing :^bcompetencies for care /^cedited
250    ^a2nd ed.
260    ^aBoston :^bJones and Bartlett Publishers,^cc2010
300    ^axvii, 869 p. :^bill. ;^c23 cm.
500    ^aSend to Single Search
650  2 ^aAging^xphysiology
650  2 ^aAging^xpsychology
650  2 ^aGeriatric Nursing
700 1  ^aMauk, Kristen L.,^eed.
945    ^p0^l0^i031616
995    ^aKesorn
999 ^a ใช้งานได้ทุกระบบ
รายการนี้ยังไม่มีแท็ก
คุณยังไม่ได้ล็อกอิน คุณสามารถมีกิจกรรมร่วมกับเว็บไซต์ได้ แต่ต้องล็อกอินก่อน ::
  ล็อกอิน

รายการสื่อสารสนเทศ

ลำดับที่ ประเภท เลขเรียก/บาร์โค้ด สถานที่ สถานะ
- ไม่พบข้อมูล -

รายการใกล้เคียง
    หัวเรื่อง [Geriatric Nursing]

BibComment


ยังไม่เคยถูกคอมเมนท์

คอมเมนท์ทรัพยากรรายการนี้
  คอมเมนท์: Gerontological n..


 Copyright 2026. Bcnsprnw @Library